<?xml version="1.0" encoding="UTF-8"?>
<record
    xmlns:xsi="http://www.w3.org/2001/XMLSchema-instance"
    xsi:schemaLocation="http://www.loc.gov/MARC21/slim http://www.loc.gov/standards/marcxml/schema/MARC21slim.xsd"
    xmlns="http://www.loc.gov/MARC21/slim">

  <leader>05842nam a22004097i 4500</leader>
  <controlfield tag="001">B-11762</controlfield>
  <controlfield tag="003">CO-BoFNCP</controlfield>
  <controlfield tag="007">t|| </controlfield>
  <controlfield tag="008">090306s2008    ck     r           spa d </controlfield>
  <datafield tag="040" ind1=" " ind2=" ">
    <subfield code="a">CO-BoFNCP</subfield>
    <subfield code="b">spa</subfield>
    <subfield code="c">CO-BoFNCP</subfield>
    <subfield code="e">rda</subfield>
  </datafield>
  <datafield tag="041" ind1=" " ind2=" ">
    <subfield code="a">spa</subfield>
  </datafield>
  <datafield tag="043" ind1=" " ind2=" ">
    <subfield code="a">ck</subfield>
  </datafield>
  <datafield tag="084" ind1=" " ind2=" ">
    <subfield code="a">A-</subfield>
  </datafield>
  <datafield tag="100" ind1="1" ind2=" ">
    <subfield code="a">Y&#xE1;&#xF1;ez A., Edgar E.</subfield>
    <subfield code="9">38534,</subfield>
    <subfield code="e">autor.</subfield>
    <subfield code="4">aut</subfield>
  </datafield>
  <datafield tag="245" ind1="1" ind2="0">
    <subfield code="a">Potencial de cogeneraci&#xF3;n de energ&#xED;a el&#xE9;ctrica en la agroindustria Colombiana de aceite de palma: tres estudios de casos.</subfield>
  </datafield>
  <datafield tag="246" ind1="2" ind2=" ">
    <subfield code="a">Cogeneration potential in the columbian palm oil industry: three case studies</subfield>
  </datafield>
  <datafield tag="264" ind1=" " ind2="4">
    <subfield code="c">&#xA9;2008</subfield>
  </datafield>
  <datafield tag="300" ind1=" " ind2=" ">
    <subfield code="a">p&#xE1;ginas 59-72 :</subfield>
    <subfield code="b">Tablas, gr&#xE1;ficos.</subfield>
  </datafield>
  <datafield tag="336" ind1=" " ind2=" ">
    <subfield code="a">texto</subfield>
    <subfield code="b">txt</subfield>
    <subfield code="2">rdacontent</subfield>
  </datafield>
  <datafield tag="337" ind1=" " ind2=" ">
    <subfield code="a">sin mediaci&#xF3;n</subfield>
    <subfield code="b">n</subfield>
    <subfield code="2">rdamedia</subfield>
  </datafield>
  <datafield tag="338" ind1=" " ind2=" ">
    <subfield code="a">volumen</subfield>
    <subfield code="b">nc</subfield>
    <subfield code="2">rdacarrier</subfield>
  </datafield>
  <datafield tag="500" ind1=" " ind2=" ">
    <subfield code="a">Contiene resumen en espa&#xF1;ol e ingl&#xE9;s.</subfield>
  </datafield>
  <datafield tag="504" ind1=" " ind2=" ">
    <subfield code="a">Incluye 15 referencias bibliogr&#xE1;ficas.</subfield>
  </datafield>
  <datafield tag="520" ind1=" " ind2=" ">
    <subfield code="a">Las plantas de beneficio de aceite de palma se caracterizan por la disponibilidad de considerables cantidades de subproductos de alto valor energ&#xE9;tico, tales como: racimos vac&#xED;os, fibras, cuescos y efluentes l&#xED;quidos con alto contenido de componentes org&#xE1;nicos llamados efluentes de las plantas de beneficio (Pome, por su sigla en ingl&#xE9;s). Una planta de beneficio produce residuos equivalentes a casi tres veces la cantidad de aceite producido por la biomasa, demostrando un inmenso potencial para incrementar la eficiencia energ&#xE9;tica de las plantas y la potencia instalada, principalmente mediante el uso de subproductos en plantas de cogeneraci&#xF3;n con altos par&#xE1;metros de vapor y la reducci&#xF3;n del consumo de vapor en el proceso. El objetivo de este trabajo es presentar el potencial de cogeneraci&#xF3;n de tres plantas de beneficio localizadas en dos importantes regiones productoras de aceite de palma en Colombia (Suram&#xE9;rica) el quinto pa&#xED;s productor de aceite de palma en el mundo. El tama&#xF1;o del sistema de cogeneraci&#xF3;n se bas&#xF3; en la operaci&#xF3;n del mayor n&#xFA;mero posible de horas durante el a&#xF1;o (fundado en la disponibilidad estacional de la fruta), considerando unos par&#xE1;metros para el vapor de 2MPa y 350 C, y utilizando una turbina de condensaci&#xF3;n-extracci&#xF3;n. El balance de masa y energ&#xED;a se realiz&#xF3; empleando el Gate Cycle Enter Software, versi&#xF3;n 5.51, para calcular el potencial de generaci&#xF3;n de energ&#xED;a. Los resultados mostraron que para las capacidades de procesamiento de racimos de fruta fresca (RFF) entre 18 y 60 t RFF/h-1, es posible tener excedentes de energ&#xED;a que oscilan entre 1 y 7 MW, siendo las plantas autosuficientes en energ&#xED;a el&#xE9;ctrica y vapor para el proceso. Con un Factor de Capacidad promedio (aproximadamente 0,4) es posible esperar un &#xED;ndice de generaci&#xF3;n de 75 y 160 kWh t?1 RFF, cuando la planta de procesamiento est&#xE1; operando o parada, respectivamente. Este &#xED;ndice es tres o cuatro veces mejor que cuando se usa un sistema tradicional con turbinas de vapor a contrapresi&#xF3;n. Para este an&#xE1;lisis se utiliz&#xF3; como combustible hasta un 60 por ciento de los racimos vac&#xED;os producidos en la planta, teniendo en cuenta su valor como fertilizante para el cultivo de palma. Se consideraron varias cuestiones para estimar la factibilidad t&#xE9;cnica y econ&#xF3;mica de sistemas de cogeneraci&#xF3;n en plantas de beneficio para el sector del aceite de palma en Colombia.</subfield>
  </datafield>
  <datafield tag="520" ind1=" " ind2=" ">
    <subfield code="a">The palm oil mills are characterized by the availability of considerable amounts of by-products of highenergy value such as empty fruit bunches (EFB), fibers, shells and liquid effluents with high content of organics called palm oil mill effluent (Pome). A palm oil mill produces residues equivalent to almost three times the amount of oil produced by biomass, showing a huge potential for increasing the power efficiency of the plants and installed power, mainly by the use of by products in cogeneration plants with high steam parameters and by reducing steam consumption in process. The objective of this paper is to present the results of the study about the cogeneration potential for three representative palm oil mills located in two important palm oil producing regions in Colombia (South-America), fifth palm oil producers of the world. The sizing of the cogeneration system was made assuming it operation during the greatest possible number of hours throughout the year (based on the seasonal availability of fruit) considering parameters for the steam at 2MPa and 350 C, using a condensing-extraction turbine. The balance of mass and energy was made by using the Gate Cycle Enter Software, version 5.51, to estimate the potential of electricity generation. The results showed that for fresh fruit bunch (FFB) processing capacities between 18 and 60 t FFB h_1, it is possible to have surplus power ranging between 1 and 7MW, if the plants are self-sufficient in electric energy and steam for process. With an average Capacity Factor (approximately 0.4), it is possible to expect a generation index of 75 and 160kWht_1FFB when the processing plant is operating or shutdown, respectively, 3 or 4 times better than when a traditional system with a back-pressure steam turbines is used. This analysis used up to 60 percent of EFB produced in plant as fuel, considering its value as fertilizer for the palm crop. Several economic conditions were considered to estimate the economic and technical feasibility of cogeneration systems in palm oil mill for Colombian palm oil sector.</subfield>
  </datafield>
  <datafield tag="650" ind1=" " ind2="0">
    <subfield code="a">Aceite de palma</subfield>
    <subfield code="9">29635.</subfield>
  </datafield>
  <datafield tag="650" ind1=" " ind2="0">
    <subfield code="a">Biomasa</subfield>
    <subfield code="9">3542.</subfield>
  </datafield>
  <datafield tag="650" ind1=" " ind2="0">
    <subfield code="a">Efluentes</subfield>
    <subfield code="9">30168.</subfield>
  </datafield>
  <datafield tag="650" ind1=" " ind2="0">
    <subfield code="a">Energ&#xED;a.</subfield>
    <subfield code="9">9320</subfield>
  </datafield>
  <datafield tag="650" ind1=" " ind2="0">
    <subfield code="a">Plantas de beneficio</subfield>
    <subfield code="9">34602.</subfield>
  </datafield>
  <datafield tag="700" ind1="1" ind2=" ">
    <subfield code="a">Castillo, Edgar</subfield>
    <subfield code="9">41355.</subfield>
  </datafield>
  <datafield tag="700" ind1="1" ind2=" ">
    <subfield code="a">Ponce A.,  Felipe</subfield>
    <subfield code="9">41356.</subfield>
  </datafield>
  <datafield tag="700" ind1="1" ind2=" ">
    <subfield code="a">Silva L., Electo</subfield>
    <subfield code="9">41351.</subfield>
  </datafield>
  <datafield tag="773" ind1="0" ind2=" ">
    <subfield code="a">Palmas (Colombia)</subfield>
    <subfield code="g">v. 29, no. 4 (2008), p.59-72</subfield>
    <subfield code="w">A-</subfield>
    <subfield code="x">0121-2923</subfield>
  </datafield>
  <datafield tag="942" ind1=" " ind2=" ">
    <subfield code="2">z</subfield>
    <subfield code="c">1</subfield>
  </datafield>
  <datafield tag="952" ind1=" " ind2=" ">
    <subfield code="0">0</subfield>
    <subfield code="1">0</subfield>
    <subfield code="2">z</subfield>
    <subfield code="4">0</subfield>
    <subfield code="7">0</subfield>
    <subfield code="a">2</subfield>
    <subfield code="b">2</subfield>
    <subfield code="d">2013-10-21</subfield>
    <subfield code="l">0</subfield>
    <subfield code="o">A-</subfield>
    <subfield code="p">R-11762</subfield>
    <subfield code="r">2013-10-21 00:00:00</subfield>
    <subfield code="t">Ej. 1</subfield>
    <subfield code="w">2013-10-21</subfield>
    <subfield code="y">1</subfield>
  </datafield>
  <datafield tag="999" ind1=" " ind2=" ">
    <subfield code="c">26527</subfield>
    <subfield code="d">26527</subfield>
  </datafield>
</record>
